000 00578nam a2200229Ia 4500
001 16377
003 GE_BSU
008 181216s||||||||xx |||||||||||||| ||und||
020 _a978084932866
040 _cGE_BSU
100 _aGliessman,Stephen R
245 _aField and Laboratory Investigations in Agroecology
250 _a3rd Edition
260 _aBoca ration
260 _bTaylor Francis Grup
260 _c2007
300 _a302p;28cm
541 _h117 Gel.
653 _aAgroecology
653 _aField and Laboratory Investigations in Agroecology
942 _cBK
999 _c49454
_d49454